| 000 | 00510nam a2200169 i 4500 | ||
|---|---|---|---|
| 001 | 57353 | ||
| 003 | ES-MaACL | ||
| 007 | t| | ||
| 008 | 031016s1982 sp ||||1| spa d | ||
| 100 | 1 |
_aDjilas, Milovan. _944919 |
|
| 245 | 1 | 0 |
_aTito _b: biografía crítica / _cMilovan Djilas ; [traducción de Agustín Puig]. |
| 250 | _a[1ª ed.]. | ||
| 260 |
_a[Barcelona] : _bPlaza & Janés, _c[1982] |
||
| 300 |
_a250 p., 8 lám. ; _c19 cm. |
||
| 700 | 1 |
_aPuig, Agustín. _994220 |
|
| 852 |
_aES-MaACL _jL-3962 _bR.103501 |
||
| 999 |
_c57353 _d57353 |
||